Itinerari del Montnegre : coneguem els nostres parcs : guió didàctic / Parc del Montnegre i el Corredor coneguem els nostres parcs :
Publicado:
Barcelona :
Diputació de Barcelona, Àrea d'Espais Naturals. Xarxa de Parcs Naturals, [2011]
Descripción Física:
[19] p. : il. ; 21 cm
MARC
| LEADER | 00000nam a2200000Ia 4500 | ||
|---|---|---|---|
| 001 | 23353 | ||
| 008 | 160829s9999 xx 000 0 cat d | ||
| 080 | |a FU-61-4 | ||
| 110 | |a Parc del Montnegre i el Corredor (Catalunya) |9 10204 | ||
| 245 | |a Itinerari del Montnegre : |b coneguem els nostres parcs : |b guió didàctic / Parc del Montnegre i el Corredor | ||
| 260 | |a Barcelona : |b Diputació de Barcelona, Àrea d'Espais Naturals. Xarxa de Parcs Naturals, [2011] | ||
| 300 | |a [19] p. : |b il. ; |c 21 cm | ||
| 650 | |a Parc del Montnegre i el Corredor |x Problemes, exercicis, etc. |9 28642 | ||
| 650 | |a Material didàctic |9 22831 | ||
| 710 | 1 | |a Barcelona (Catalunya : Província). |b Xarxa de Parcs Naturals |9 7250 | |
| 710 | |a Barcelona (Catalunya : Província). |b Àrea d'Espais Naturals |9 9050 | ||
| 901 | |a Arxiu | ||
| 942 | |n 1 | ||
| 952 | |0 0 |1 0 |4 0 |6 FU614 |7 1 |9 54788 |a Arxiu |b Arxiu |d 2012-01-03 |l 0 |o FU-61-4 |p 23353 |r 2016-12-01 00:00:00 |w 2016-12-01 |y ARXIU | ||
| 999 | |c 58657 |d 58657 | ||